The economic and labour relations review ELRR

Detalles Bibliográficos
Autores Corporativos: University of New South Wales. Centre for Applied Economic Research, University of New South Wales. Industrial Relations Research Centre
Formato: Desconocido
Lenguaje:inglés
Publicado: Kensington, NSW : University of NSW,
Acceso en línea:Acceso restringido

MARC

LEADER 00000ny a22000003n 4500
005 20110516102818.0
008 930309c19909999at fr p s 0 0eng c
022 |a 1035-3046 
035 |a 5149 
040 |a MnMULS  |d vLex 
050 0 0 |a HC601  |b .E38 
050 0 0 |a HC601  |b .E38 
082 0 0 |a 331/.0994/05  |2 20 
090 |c 1921  |d 1921 
245 0 4 |a The economic and labour relations review  |h [Recurso electrn̤ico]  |b ELRR 
246 3 0 |a ELRR 
256 |a Servicio en ln̕ea 
260 |a Kensington, NSW :  |b University of NSW, 
310 |a Semestral 
506 1 |a Contenido solo disponible en los productos indicados  |d vLex Global  |d vLex Global (Academic Edition, excluding Law Schools)  |d vLex Global (U.S. Academic Edition, excluding Law Schools) 
710 2 |a University of New South Wales.  |b Centre for Applied Economic Research 
710 2 |a University of New South Wales.  |b Industrial Relations Research Centre 
740 |a vLex Revista (Servicios en ln̕ea) 
843 |a Electrn̤ica. Abierta 
853 |8 1  |i (year)  |j (month)  |k (day) 
856 4 0 |z Acceso restringido  |u http://vlex.com/account/login_ip?fuente_id=5149 
942 |c REV 
999 0 |a Economics  |v Periodicals 
999 0 |a Industrial relations  |v Periodicals 
999 0 |a Industrial relations  |z Australia  |v Periodicals